00488nam a2200193 a 4500001001300000003000900013005001700022008004100039020002300080082001800103100001900121245002200140260004500162300000900207500003500216505000900251650001500260700001900275nice12345678IN_TiNIC20260116013327.0050524s1996 dela grp 000 0 eng  a8185574 c20000a294.5923bANA aAnand, Subhash aStory as Theology aDelhibIntercultural Publications c1996 a194p aincludes index and biblioraphy2 a194p aMahabharat1 aAnand, Subhash